ՀՀ Գիտությունների ազգային ակադեմիայի հիմնարար գիտական գրադարան  =   Fundamental Scientific Library of NAS RA

Հայ ժողովրդական խաղեր / (Record no. 9464)

MARC details
000 -LEADER
fixed length control field 02172nam a2200385 a 4500
001 - CONTROL NUMBER
control field 000023702
003 - CONTROL NUMBER IDENTIFIER
control field AM-YEHGA
005 - DATE AND TIME OF LATEST TRANSACTION
control field 20250618070845.0
008 - FIXED-LENGTH DATA ELEMENTS--GENERAL INFORMATION
fixed length control field 970520s1963 ai a||||||||||||||||arm d
040 ## - CATALOGING SOURCE
Original cataloging agency AM-YeHGA
041 0# - LANGUAGE CODE
Language code of text/sound track or separate title arm
090 ## - LOCALLY ASSIGNED LC-TYPE CALL NUMBER (OCLC); LOCAL CALL NUMBER (RLIN)
-- 9529
245 00 - TITLE STATEMENT
Title Հայ ժողովրդական խաղեր /
Statement of responsibility, etc. Կազմող` Վ. Բդոյան, Մ. Մամիկոնյան; Խմբագիր՝ Մ.Ս. Հասրաթյան, Ա.Ե. Չարչօղլյան; ՀՍՍՌ ԳԱ, Հնագիտ. և ազգ. ին-տ ; Հայաստանի պատ. պետ. թանգ.; Հայ. պատ. ֆիզկուլտ. ին-տ.
246 35 - VARYING FORM OF TITLE
Title proper/short title Армянские народные игры
260 ## - PUBLICATION, DISTRIBUTION, ETC.
Place of publication, distribution, etc. Երևան :
Name of publisher, distributor, etc. ՀՍՍՌ ԳԱ հրատ,
Date of publication, distribution, etc. 1963.
300 ## - PHYSICAL DESCRIPTION
Extent հատոր
504 ## - BIBLIOGRAPHY, ETC. NOTE
Bibliography, etc. note Համառոտագրություններ աղբյուրների և օգտագործված գրակ., էջ՝ 278-285 (Հ. 1)
504 ## - BIBLIOGRAPHY, ETC. NOTE
Bibliography, etc. note Բառարան, էջ՝ 286-292 (Հ. 1); էջ՝ 231-233 (Հ. 2)
505 1# - FORMATTED CONTENTS NOTE
Miscellaneous information Հ. 1 (1963, 295 էջ)
-- Հ. 2 (1980, 237 էջ)
-- Հ. 3 (1983, 252 էջ)
520 ## - SUMMARY, ETC.
Summary, etc. Ամփոփումը ռուս. և անգլ. լեզուներով, էջ՝ 267-277 (Հ. 1)
525 ## - SUPPLEMENT NOTE
Supplement note Հավելված, էջ` 217-230
650 14 - SUBJECT ADDED ENTRY--TOPICAL TERM
Topical term or geographic name entry element Հնագիտություն
Geographic subdivision Հայաստան
650 14 - SUBJECT ADDED ENTRY--TOPICAL TERM
Topical term or geographic name entry element Ազգագրություն
Geographic subdivision Հայաստան
700 1# - ADDED ENTRY--PERSONAL NAME
Personal name Մամիկոնյան, Մ.
Relator term կազմ.
Relationship com
9 (RLIN) 8552
700 1# - ADDED ENTRY--PERSONAL NAME
Personal name Հասրաթյան, Մորուս Ստեփանի,
Dates associated with a name 1902-1979
Relator term խմբ.
Relationship edt
9 (RLIN) 2367
700 1# - ADDED ENTRY--PERSONAL NAME
Personal name Չարչօղլյան, Ա.Ե.
Relator term խմբ.
Relationship edt
710 2# - ADDED ENTRY--CORPORATE NAME
Corporate name or jurisdiction name as entry element ՀՍՍՌ ԳԱ
710 2# - ADDED ENTRY--CORPORATE NAME
Corporate name or jurisdiction name as entry element Հնագիտության և ազգագրության ինստիտուտ
710 2# - ADDED ENTRY--CORPORATE NAME
Corporate name or jurisdiction name as entry element Հայաստանի պատմության պետական թանգարան
710 2# - ADDED ENTRY--CORPORATE NAME
Corporate name or jurisdiction name as entry element Հայկական պետական ֆիզիկական կուլտուրայի ինստիտուտ
856 41 - ELECTRONIC LOCATION AND ACCESS
Uniform Resource Identifier <a href="https://arar.sci.am/dlibra/publication/411422/edition/380289/content">https://arar.sci.am/dlibra/publication/411422/edition/380289/content</a>
Link text Կարդալ առցանց, Հ․ 1
856 41 - ELECTRONIC LOCATION AND ACCESS
Uniform Resource Identifier <a href="https://arar.sci.am/dlibra/publication/412008/edition/380832/content">https://arar.sci.am/dlibra/publication/412008/edition/380832/content</a>
Link text Հ․ 2
856 41 - ELECTRONIC LOCATION AND ACCESS
Uniform Resource Identifier <a href="https://arar.sci.am/dlibra/publication/411925/edition/380745/content">https://arar.sci.am/dlibra/publication/411925/edition/380745/content</a>
Link text Հ․ 3
942 ## - ADDED ENTRY ELEMENTS (KOHA)
Source of classification or shelving scheme Universal Decimal Classification
Koha item type Գրքեր / Books
Koha issues (borrowed), all copies 3
Holdings
Withdrawn status Lost status Source of classification or shelving scheme Damaged status Not for loan Collection Home library Current library Date acquired Serial enumeration / chronology Total checkouts Full call number Barcode Date last seen Date last checked out Price effective from Koha item type Public note
    Universal Decimal Classification     General Fundamental Scientific Library Fundamental Scientific Library 21/12/2016 Հ. 1 1 AIII/1851 FL0066605 17/02/2025 17/02/2025 21/12/2016 Գրքեր / Books 30 Days Loan
    Universal Decimal Classification     General Fundamental Scientific Library Fundamental Scientific Library 21/12/2016 Հ. 1   AIII/1852 FL0066606 21/12/2016   21/12/2016 Գրքեր / Books 30 Days Loan
    Universal Decimal Classification     General Fundamental Scientific Library Fundamental Scientific Library 21/12/2016 Հ. 1   AIII/1853 FL0066607 21/12/2016   21/12/2016 Գրքեր / Books 30 Days Loan
    Universal Decimal Classification     General Fundamental Scientific Library Fundamental Scientific Library 21/12/2016 Հ. 1   AIII/1854 FL0066608 21/12/2016   21/12/2016 Գրքեր / Books 30 Days Loan
    Universal Decimal Classification     General Fundamental Scientific Library Fundamental Scientific Library 21/12/2016 Հ. 1   AIII/1855 FL0066609 21/12/2016   21/12/2016 Գրքեր / Books 30 Days Loan
    Universal Decimal Classification     General Fundamental Scientific Library Fundamental Scientific Library 21/12/2016 Հ. 2 1 AIII/4967 FL0074114 17/02/2025 17/02/2025 21/12/2016 Գրքեր / Books 30 Days Loan
    Universal Decimal Classification     General Fundamental Scientific Library Fundamental Scientific Library 21/12/2016 Հ. 2   AIII/4968 FL0074115 21/12/2016   21/12/2016 Գրքեր / Books 30 Days Loan
    Universal Decimal Classification     General Fundamental Scientific Library Fundamental Scientific Library 21/12/2016 Հ. 3 1 AIII/5493 FL0075890 17/02/2025 17/02/2025 21/12/2016 Գրքեր / Books 30 Days Loan
    Universal Decimal Classification     General Fundamental Scientific Library Fundamental Scientific Library 21/12/2016 Հ. 3   AIII/5494 FL0075889 21/12/2016   21/12/2016 Գրքեր / Books 30 Days Loan
    Universal Decimal Classification     General Fundamental Scientific Library Fundamental Scientific Library 21/12/2016 Հ. 3   AIII/5495 FL0075888 21/12/2016   21/12/2016 Գրքեր / Books 30 Days Loan
    Universal Decimal Classification     General Fundamental Scientific Library Fundamental Scientific Library 21/12/2016 Հ. 3   AIII/5496 FL0075887 21/12/2016   21/12/2016 Գրքեր / Books 30 Days Loan
    Universal Decimal Classification     General Fundamental Scientific Library Fundamental Scientific Library 21/12/2016 Հ. 2   AIII/5655 FL0075988 21/12/2016   21/12/2016 Գրքեր / Books 30 Days Loan
    Universal Decimal Classification     General Fundamental Scientific Library Fundamental Scientific Library 21/12/2016 Հ. 2   AIII/5656 FL0075987 21/12/2016   21/12/2016 Գրքեր / Books 30 Days Loan


ՀՀ ԳԱԱ հիմնարար գիտական գրադարան
ՀՀ,Երևան 0019
Մարշալ Բաղրամյան 24/6
հեռախոս:(374-10) 52-47-50
Հետադարձ կապ

All site content, except where otherwise noted, is licensed under a
Creative Commons License